Community fisheries in Lao PDR : A survey of technoques and issues

Na minha lista:
Detalhes bibliográficos
Autor principal: Claridge, Gordon
Formato: Livro
Idioma:Undetermined
Publicado em: Lao The World Conservation Union 1997
Assuntos:
Tags: Adicionar Tag
Sem tags, seja o primeiro a adicionar uma tag!
Thư viện lưu trữ: Trung tâm Học liệu Trường Đại học Cần Thơ
LEADER 00604nam a2200193Ia 4500
001 CTU_149489
008 210402s9999 xx 000 0 und d
082 |a 639.21 
082 |b C734 
100 |a Claridge, Gordon 
245 0 |a Community fisheries in Lao PDR : 
245 2 |b A survey of technoques and issues 
245 0 |c Gordon Claridge, Thanongsi Sorangkhoun , Ian Braid 
260 |a Lao 
260 |b The World Conservation Union 
260 |c 1997 
650 |a Fishery resources,Nguồn lợi thủy sản 
904 |i Nguyên 
980 |a Trung tâm Học liệu Trường Đại học Cần Thơ